000 00350nam a2200133Ia 4500
008 151001s9999||||xx |||||||||||||| ||und||
100 _a",मधुकर दिघे"
245 _aवैफल्य
250 _a1
260 _bअंजली प्रकाशन पुणे
260 _c1990
300 _a119
365 _b18
999 _c968873
_d968870